[Event "RUS-chT 05th"]
[Site "Maikop"]
[Date "1998.06.06"]
[Round "4"]
[White "Tregubov, Pavel V"]
[Black "Yandemirov, Valeri"]
[Result "1-0"]
[WhiteElo "2560"]
[BlackElo "2545"]
[Annotator "Baburin,A"]
[PlyCount "171"]
[EventDate "1998.06.03"]
[EventType "team-tourn"]
[EventRounds "11"]
[EventCountry "RUS"]
[SourceTitle "CBM 066"]
[Source "ChessBase"]
[SourceDate "1998.09.30"]
[SourceVersion "1"]
[SourceVersionDate "1998.09.30"]
[SourceQuality "1"]
[WhiteTeam "Maykop Universitet"]
[BlackTeam "Kazan Sberbank-Tatarstan"]
[WhiteTeamCountry "RUS"]
[BlackTeamCountry "RUS"]

1. d4 Nf6 2. c4 g6 3. g3 c6 4. Bg2 d5 5. cxd5 cxd5 6. Nc3 Bg7 7. Nf3 O-O 8. O-O
Ne4 9. Ne5 Nxc3 10. bxc3 Nc6 11. Nxc6 bxc6 12. Ba3 Ba6 13. Re1 Re8 14. e4 e6
15. h4 {White tries to unbalance the position, but perhaps 15 e5 would be a
better try.} Bc4 16. e5 Rb8 17. Qd2 Bf8 18. Bxf8 Rxf8 19. Bf1 (19. h5 $5) 19...
Bxf1 20. Kxf1 c5 (20... h5 $142) 21. h5 Qa5 22. dxc5 $5 {White spoils his pawn
structure in order to gain time for the attack on the kingside.} Qxc5 23. Kg2
Rfc8 24. Qf4 gxh5 ({The line} 24... Qxc3 $2 25. Qf6 Qb4 26. hxg6 hxg6 27. Re3
Qf8 28. Rh1 Qg7 29. g4 $1 $18 {shows how dangerous White's attack can be here.}
) ({Perhaps, Black should have played} 24... Qe7 {followed by ...Rc4.}) 25.
Qg5+ Kf8 26. Qxh5 Qxc3 27. Qxh7 $16 {NowBlack's king is less safe than its
white counterpart, which is a major consideration in this position.} Qc2 28.
Qh8+ Ke7 29. Qh4+ Kf8 30. Re3 Qg6 31. Rf3 Qg7 32. Qa4 Qxe5 33. Qd7 Qg7 34. Qxe6
Kg8 35. Qxd5 Rd8 36. Qf5 Rb2 37. Rc1 Rxa2 38. Rc7 Rf8 39. Rf4 Ra6 40. Rg4 Rg6
41. Rxf7 Rxg4 42. Rxf8+ Qxf8 43. Qxg4+ Kh7 44. Qd7+ Kh8 45. Qxa7 Qf5 46. Qa8+
Kh7 47. Qf3 Qe5 48. g4 Qe7 49. Qf5+ Kg7 50. Kg3 Qd6+ 51. f4 Qd2 52. Qe5+ Kh7
53. Qe4+ Kg7 54. g5 Qd1 55. Qe7+ Kg8 56. Qe3 Qd5 57. Kg4 Kf7 58. Qa7+ Kg6 59.
Qb6+ Kg7 60. Qc7+ Kg8 61. Kh5 Qd3 62. Qc8+ Kf7 63. Qb7+ Kg8 64. Kg4 Qd1+ 65.
Kf5 Qc2+ 66. Qe4 Qc5+ 67. Qe5 Qf8+ 68. Qf6 Qc5+ 69. Kg6 Qc2+ 70. f5 Qc7 71.
Qe6+ Kf8 72. Qd5 Qg7+ 73. Kh5 Qh7+ 74. Kg4 Qe7 75. Qa8+ Kf7 76. g6+ Kg7 77.
Qa1+ Kg8 78. Qa2+ Kg7 79. Qb2+ Kg8 80. Qb3+ Kg7 81. Qc3+ Kg8 82. Qc4+ Kg7 83.
Kh5 Kh8 84. Qc8+ Kg7 85. Qe6 Qf8 86. f6+ 1-0

[Event "World Cup"]
[Site "Skelleftea"]
[Date "1989.08.??"]
[Round "8"]
[White "Andersson, Ulf"]
[Black "Nunn, John DM"]
[Result "1-0"]
[WhiteElo "2635"]
[BlackElo "2620"]
[Annotator "Bulletin"]
[PlyCount "87"]
[EventDate "1989.08.??"]
[EventType "tourn"]
[EventRounds "15"]
[EventCountry "SWE"]
[EventCategory "16"]
[SourceTitle "CBM 014"]
[Source "ChessBase"]
[SourceDate "1990.02.01"]
[SourceVersion "1"]
[SourceVersionDate "1990.02.01"]
[SourceQuality "1"]

1. Nf3 Nf6 2. c4 g6 3. g3 Bg7 4. Bg2 c6 5. O-O d5 6. cxd5 cxd5 7. d4 Ne4 8. Ne5
O-O 9. Nd2 f6 10. Nxe4 dxe4 11. Qb3+ e6 12. Nc4 Nc6 13. e3 f5 14. Bd2 Rb8 15.
Rac1 (15. a4 Bd7 16. Qa3 Re8 17. a5 Bf8 18. Qa2 Qe7 19. Rfc1 Rec8 20. Bf1 $10 {
Ribli,Z-Andersson,U/Clermont Ferrand/1989/1/2-1/2/46/ -> CBM14}) 15... Bd7 16.
Rfd1 Qe7 17. Ne5 {'+/=!' Bulletin.} Nxe5 18. dxe5 Rfd8 19. Ba5 b6 20. Bc3 Bf8
21. Bf1 Qe8 22. Bb4 Bg7 23. Qa3 {'+/-!' Bulletin.} Bxe5 24. Bd6 Bxd6 25. Rxd6
Bb5 26. Bxb5 Qxb5 27. Qxa7 Rbc8 28. Rxd8+ Rxd8 29. Qe7 Re8 30. Qf6 Qd7 31. h4
Qd6 32. a3 Rf8 33. Qc3 Rd8 34. Kg2 b5 35. Qa5 Qd2 36. Qb6 Rd6 37. Qxb5 Qxc1 38.
Qe8+ Kg7 39. Qe7+ Kg8 40. Qxd6 Qxb2 41. Qxe6+ Kf8 42. Qd6+ Kf7 43. Qd7+ Kg8 44.
a4 1-0

[Event "SUI-chT"]
[Site "Switzerland"]
[Date "1996.??.??"]
[Round "5"]
[White "Almada, Enrique"]
[Black "Gobet, Fernand"]
[Result "0-1"]
[WhiteElo "2315"]
[BlackElo "2380"]
[Annotator "Bulletin"]
[PlyCount "76"]
[EventDate "1996.??.??"]
[EventType "team-tourn"]
[EventRounds "9"]
[EventCountry "SUI"]
[SourceTitle "CBM 055 Extra"]
[Source "ChessBase"]
[SourceDate "1997.01.01"]
[SourceVersion "1"]
[SourceVersionDate "1997.01.01"]
[SourceQuality "1"]

1. d4 Nf6 2. Nf3 g6 3. c4 Bg7 4. g3 O-O 5. Bg2 c6 6. Nc3 d5 7. cxd5 cxd5 8. O-O
Ne4 9. Nxe4 dxe4 10. Ng5 $5 (10. Ne5 f6 11. Qb3+ e6 12. Nc4 Nc6 13. e3 f5 14.
Bd2 Rb8 15. a4 Bd7 16. Qa3 Re8 17. a5 Bf8 18. Qa2 Qe7 19. Rfc1 Rec8 20. Bf1 Qd8
21. Rab1 Be8 22. b4 Ne7 23. Ne5 Nd5 24. b5 Rxc1 25. Rxc1 Bd6 26. Bc4 Bxe5 27.
dxe5 Rc8 28. Qa3 Kf7 29. Kg2 Qe7 30. Qb3 Qd7 31. Bb4 Nxb4 32. Qxb4 Qe7 33. Qb2
Kf8 34. Be2 Rxc1 35. Qxc1 b6 36. axb6 axb6 37. h4 Kf7 38. Qb2 Qc7 39. Qa1 Bd7
40. Bf1 Ke7 41. Qa3+ Kf7 42. Qa1 Ke7 43. Qa8 Qxe5 44. Qg8 Be8 45. Qxh7+ Bf7 46.
Be2 {1/2-1/2 Ribli,Z-Andersson,U/Clermont-Ferrand 1989}) 10... Qxd4 11. Qxd4
Bxd4 12. Rd1 Nc6 13. Bxe4 Bg7 14. Rb1 h6 15. Nf3 Be6 16. a3 Ba2 17. Ra1 Bc4 18.
Rd7 Rfd8 19. Rxb7 Rd1+ 20. Kg2 Bxe2 21. Nd2 Rc8 22. Bxc6 Rxc6 23. Rxe7 Bd3 24.
Nb3 Bc4 25. Be3 Bd5+ 26. Kh3 Bxb3 27. Rxd1 Bxd1 28. Rxa7 g5 29. Rd7 Bf3 30. Bd4
Bxd4 31. Rxd4 Rc2 32. g4 Rxb2 33. Rd3 Bc6 34. Re3 Bd5 35. Kg3 Rb3 36. Rxb3 Bxb3
37. f4 Kg7 38. h4 f6 0-1

[Event "Buenos Aires"]
[Site "Buenos Aires"]
[Date "1980.??.??"]
[Round "?"]
[White "Browne, Walter Shawn"]
[Black "Kavalek, Lubomir"]
[Result "0-1"]
[WhiteElo "2540"]
[BlackElo "2600"]
[Annotator "Chekhov,V"]
[PlyCount "62"]
[EventDate "1980.10.15"]
[EventType "tourn"]
[EventRounds "13"]
[EventCountry "ARG"]
[EventCategory "13"]
[SourceTitle "MCL"]
[Source "ChessBase"]
[SourceDate "1999.07.01"]
[SourceVersion "1"]
[SourceVersionDate "1999.07.01"]
[SourceQuality "1"]

1. d4 Nf6 2. c4 g6 3. g3 c6 4. Bg2 d5 5. cxd5 cxd5 6. Nf3 Bg7 7. O-O O-O 8. Nc3
Ne4 (8... Nc6 $5) 9. Bf4 (9. Nxe4 dxe4 10. Ne5 f6 (10... Qd5 11. b3 Nd7 12. Bb2
Nf6 13. Rc1 Bf5 14. Rc5 {Nikulshin,K-Yandemirov,V/Smolensk/1992/ Inf 56/526/})
11. Qb3+ e6 12. Nc4 Nc6 13. e3 f5 14. Bd2 Rb8 15. a4 Rf7 16. Rac1 $14 {Yusupov,
A-Timman,J/Linares(m/1)/1992/1:0 (34)/ Inf 54/453/}) (9. Ne5 Nxc3 10. bxc3 Nc6
11. Nxc6 bxc6 12. Qa4 Qb6 13. e4 Qa6 $5 14. Qa3 $1 $14 {Vaulin,A-Varavin,V/
Budapest/1990/ Inf 50/475/}) 9... Nxc3 10. bxc3 Nc6 11. Rc1 (11. Re1 $5 b6 $6 (
11... Bg4 $1 $10) 12. c4 $14 {Dzindzichashvili,R-Haag,E/URS/1969/}) 11... Na5
12. Re1 Bf5 13. Nd2 Rc8 14. Qa4 (14. e4 dxe4 15. Nxe4 b6) 14... b6 (14... a6 $5
15. Nb3 $1 Nc4 (15... Nxb3 16. Qxb3) 16. Nc5 b6 17. Nxa6 Ra8 18. Qb5 Na3 19.
Qa4 Nc4 $10) 15. Nb3 $6 (15. Qb5 $6 Be6 16. Nb3 Nc4 17. e4 dxe4 18. Bxe4 Nd6) (
15. e4 $5 dxe4 16. Nxe4 Rc4 17. Qa3) 15... Bd7 $1 16. Qa3 (16. Qb4 Rc4 17. Qa3
Ra4 18. Qb2 Nc4 19. Qc2 Bf5) 16... Nc4 17. Qxa7 $2 (17. Qb4 $2 a5 $19) (17. Qa6
$8 Bc6 18. Nd2 Nxd2 19. Bxd2 Qd7 $15) 17... Bc6 18. e4 e5 $19 19. dxe5 (19.
exd5 Ra8 $19) 19... Ra8 20. Nd4 Rxa7 21. Nxc6 Qa8 22. exd5 $6 (22. Nxa7 Qxa7
23. exd5 g5 $1 24. Bf1 (24. Bxg5 Nxe5 {/\Qa2,Nd3/}) 24... gxf4 25. Bxc4 Qc7 {
/\Be5,Qc4/}) 22... Rxa2 23. e6 Qa3 $1 24. e7 Re8 25. Nb4 Bxc3 $1 26. Nxa2 (26.
d6 Nxd6 27. Bxd6 Bxb4 28. Bc6 Rxe7 $19) 26... Bxe1 27. Rxe1 Rxe7 $1 (27... Qxa2
28. d6 Qa4 29. Bh3 $13) 28. Rc1 $6 (28. Rxe7 Qxe7 29. Bf1 b5) 28... Qxa2 29. d6
Rd7 30. Bd5 b5 31. Re1 Qa5 0-1

[Event "Concordia"]
[Site "Hamburg"]
[Date "1977.??.??"]
[Round "6"]
[White "Webb, Simon"]
[Black "Bednarski, Jacek B"]
[Result "1-0"]
[WhiteElo "2430"]
[BlackElo "2400"]
[Annotator "Dolmatov,S"]
[PlyCount "83"]
[EventDate "1977.06.??"]
[EventType "tourn"]
[EventRounds "9"]
[EventCountry "GER"]
[EventCategory "7"]
[SourceTitle "MCL"]
[Source "ChessBase"]
[SourceDate "1999.07.01"]
[SourceVersion "1"]
[SourceVersionDate "1999.07.01"]
[SourceQuality "1"]

1. Nf3 d5 2. g3 g6 3. Bg2 Bg7 4. c4 c6 5. cxd5 cxd5 6. d4 Nf6 7. O-O O-O 8. Ne5
e6 9. Nc3 Nfd7 10. Nxd7 $6 (10. f4 Nc6 11. Be3 Nb6 $10) 10... Bxd7 11. e4 dxe4
12. Nxe4 Bb5 (12... Bc6 13. Bg5 f6 14. Be3 Bd5 $10) 13. Re1 Qxd4 (13... Nc6 14.
Nc3 Ba6 15. d5 $10) 14. Qxd4 Bxd4 15. Bh6 Bg7 16. Nf6+ $6 (16. Bxg7 Kxg7 17.
Nd6 Bc6 18. Nxb7 Bxg2 19. Kxg2 Nc6 20. Rac1 $10) 16... Bxf6 17. Bxf8 Kxf8 18.
Bxb7 Bc6 19. Bxa8 Bxa8 20. Rac1 Bc6 (20... Nc6 $6 21. b4 a6 22. a4 Bb7 23. b5
axb5 24. axb5 Nd8 25. Rc7 $14) 21. b4 Bd8 22. Red1 $2 (22. b5 Bb7 (22... Bxb5
$4 23. Rb1 a6 24. a4 $16) 23. Re3 $22 Bb6 $2 24. Rec3 Kg7 25. Rc7 Bd5 26. Re7
Kf6 27. Rcc7 $16) 22... Ke7 23. g4 Bb6 (23... g5 $5) 24. Rd3 Bd7 25. Rdc3 e5
26. g5 Kd6 27. Rf3 Ke7 (27... Nc6 28. Rxf7 Nxb4 29. Rd1+ Bd4 30. Rxh7 Nd5 31.
h4 Bg4 $13 (31... Nf4 $6 32. Rf7 $1 $14)) 28. Rfc3 Na6 29. Rc4 Ke6 (29... Bb5
$5 30. Rh4 Nc7 $15) 30. Kg2 Kf5 $6 (30... Bb5 $22 31. h4 (31. Rh4 Nc7 $17)
31... Kd5 $15) 31. h4 Be6 $2 (31... f6 32. gxf6 Kxf6 $10) 32. a4 $1 Bxc4 33.
Rxc4 Ke6 $2 (33... Nxb4 $1 34. Rxb4 f6 35. gxf6 Kxf6 36. Kf3 Kf5 $14) 34. a5
$16 Kd5 35. Rc8 Bd4 $2 (35... Nxb4 36. axb6 axb6 $16) 36. b5 $18 Nc5 37. Rc7
Nb3 38. b6 axb6 39. a6 b5 40. Rxf7 b4 41. Rxh7 Na5 42. a7 1-0

[Event "EU-ch 2nd"]
[Site "Ohrid"]
[Date "2001.06.09"]
[Round "8"]
[White "Azmaiparashvili, Zurab"]
[Black "Eljanov, Pavel"]
[Result "1-0"]
[WhiteElo "2670"]
[BlackElo "2558"]
[Annotator "Ftacnik,L"]
[PlyCount "87"]
[EventDate "2001.06.01"]
[EventType "swiss"]
[EventRounds "13"]
[EventCountry "YUG"]
[SourceTitle "CBM 084"]
[Source "ChessBase"]
[SourceDate "2001.09.13"]
[SourceVersion "1"]
[SourceVersionDate "2001.09.13"]
[SourceQuality "1"]

1. d4 Nf6 2. c4 g6 3. g3 c6 4. Nf3 Bg7 5. Nc3 d5 6. cxd5 cxd5 7. Ne5 O-O 8. Bg2
e6 9. O-O Nfd7 10. f4 Nc6 11. Be3 Nb6 12. Bf2 Ne7 13. Qb3 Nf5 (13... Bd7 14.
Rfd1 (14. a4 a5 15. Rfd1 Bc6 16. Rac1 Nbc8 17. e4 Qb6 18. Qxb6 Nxb6 19. b3 dxe4
20. Nxc6 bxc6 21. Nxe4 Nbd5 22. Nc5 {1/2-1/2 Antunes,A-Kaminski,M/Yerevan/1996/
(22)}) (14. Rfc1 Bc6 15. e3 Rb8 16. Be1 Nf5 17. Ne2 Nc4 18. Rc3 Nfd6 19. Qc2
Bb5 20. a4 Be8 21. b3 Na5 22. b4 Nac4 {0-1 Tukmakov,V-Kruppa,Y/Donetsk/1998/ 
(53)}) 14... Bc6 15. Rac1 Rb8 16. Qa3 a6 17. b3 Re8 18. Rc2 Nbc8 19. Na4 Nd6
20. Nc5 Bb5 {1/2-1/2 Azmaiparashvili,Z-Alterman,B/Struga/1995/ (65)}) 14. Rfc1
Nd6 (14... f6 15. Nd3 Nc4 16. e4 dxe4 17. Qxc4 Nd6 18. Qb3 exd3 19. Rd1 $14)
15. a4 Nbc4 (15... f6 16. Nd3 Nbc4 17. Qa2 Nf5 18. g4 Nh6 19. h3 $14) 16. Qc2
Bd7 17. b3 Na5 (17... Nxe5 18. dxe5 Nf5 19. e4 dxe4 20. Nxe4 $16) 18. b4 Nac4 (
18... Nc6 19. b5 $14) 19. e4 $1 {[%mdl 32] Advantage is normally a distant
dream in this line, but white manages to open up the center in a very
unconvenient moment for black.} dxe4 (19... Nxe5 20. dxe5 Nxe4 21. Nxe4 dxe4
22. Bc5 Re8 23. Bxe4 $16) 20. Nxc4 Nxc4 21. Nxe4 Rc8 (21... Nb6 22. Nc5 Bc6 23.
Nxb7 Bxb7 24. Bxb7 Rb8 25. Bc6 Bxd4 26. Rab1 $14) 22. Qa2 Nb6 (22... b5 23. Nc5
(23. axb5 Bxb5 24. Qxa7 Rc7 25. Qa2 Bxd4 26. Bxd4 Qxd4+ 27. Qf2 $14) 23... Nd6
24. axb5 Nxb5 25. Qc4 $14) 23. Nc5 Bc6 (23... Nd5 24. Bxd5 exd5 25. Qxd5 $16)
24. Nxb7 Bxb7 25. Bxb7 Rxc1+ (25... Rb8 26. Bg2 Bxd4 27. a5 $14) 26. Rxc1 Qe7 (
26... Bxd4 27. a5 Bxf2+ 28. Qxf2 Qb8 29. axb6 Qxb7 30. bxa7 Ra8 31. Ra1 Qxb4
32. h3 $16) 27. Bc6 Qxb4 28. a5 Nc8 (28... Nd5 29. Bxd5 exd5 30. Qxd5 $16) 29.
d5 $1 {Despite the pawn symmetry white will be clearly better due to the
potential of the bishop's pair.} exd5 30. Bxd5 Ne7 31. Bc4 Bc3 (31... Qb7 32.
a6 Qd7 33. Rb1 Bd4 34. Rb7 Qd6 35. h3 $14) 32. a6 Nc6 (32... Nc8 33. Qb3 Qxb3
34. Bxb3 $16) 33. Bd5 Ne7 (33... Nd4 34. Rb1 Qc5 35. Rb7 $18) 34. Bc4 Nc6 35.
Bf1 Rc8 36. Qd5 Qb2 (36... Rc7 37. Qd3 Bf6 38. Qc4 $18) 37. Qd1 Ba5 $2 (37...
Qa3 38. f5 $40) 38. Qd7 $1 {Black is lost due to the break in the coordination
of his defences.} Qxc1 39. Qxc8+ Kg7 40. Bd4+ f6 (40... Kh6 $2 41. Qh3#) 41.
Qd7+ Kf8 (41... Kh6 42. Bxf6 Qe3+ 43. Kg2 Qe4+ 44. Kh3 Qf5+ 45. Qxf5 gxf5 46.
Bb5 $18) 42. Qd6+ Ke8 43. Qe6+ Ne7 (43... Kf8 44. Qxf6+ $18) 44. Bxa7 1-0

[Event "RUS-chT 07th"]
[Site "Smolensk"]
[Date "2000.04.17"]
[Round "3"]
[White "Lopushnoy, Denis"]
[Black "Kovchan, Alexander"]
[Result "0-1"]
[WhiteElo "2420"]
[BlackElo "2441"]
[Annotator "Ftacnik,L"]
[PlyCount "70"]
[EventDate "2000.04.15"]
[EventType "team-tourn"]
[EventRounds "11"]
[EventCountry "RUS"]
[SourceTitle "CBM 077"]
[Source "ChessBase"]
[SourceDate "2000.07.27"]
[SourceVersion "1"]
[SourceVersionDate "2000.07.27"]
[SourceQuality "1"]
[WhiteTeam "Novokuznetsk"]
[BlackTeam "Moscow M. Saulin PRSFI"]
[WhiteTeamCountry "RUS"]
[BlackTeamCountry "RUS"]

1. Nf3 g6 2. g3 Bg7 3. c4 Nf6 4. Bg2 O-O 5. O-O c6 6. d4 d5 7. cxd5 cxd5 8. Ne5
Ng4 9. f4 Nxe5 10. fxe5 f6 11. exf6 Rxf6 12. Rxf6 Bxf6 13. Nc3 Be6 14. e4 (14.
e3 Nc6 15. Qb3 Na5 $13) 14... dxe4 15. Be3 (15. d5 $2 Bxc3 16. bxc3 Bxd5 17.
Be3 Nc6 $17) 15... Bd5 {Black hopes to hold his own in the center, otherwise
white pieces might become too active.} (15... Nc6 $2 16. d5 $1 Bxc3 17. dxc6
Bxb2 18. cxb7 $18) 16. Qg4 (16. Qc2 $5 e6 (16... Nc6 17. Nxd5 Qxd5 18. Bxe4 Qd7
19. d5 Nd4 20. Qf2 $14) 17. Nxd5 exd5 18. Qb3 Nc6 19. Bxe4 Ne7 20. Rc1 $14)
16... Nc6 17. Rd1 (17. Nxd5 Qxd5 18. Bxe4 Qd6 $11) 17... Qa5 (17... e6 18. Bxe4
$14) 18. Bxe4 (18. Nxd5 Qxd5 19. Qxe4 (19. Bxe4 Qxa2 20. d5 Ne5 $15) 19... Qxe4
(19... Qxa2 $6 20. d5 Ne5 (20... Nd8 21. d6 $1 $36) 21. d6 $1 Qxb2 22. dxe7 Re8
23. Bd4 Qb5 24. Rf1 Bg7 25. Qd5+ Qxd5 26. Bxd5+ Kh8 27. Bxe5 $18) 20. Bxe4 Rd8
$11) 18... Bf7 19. Qf3 (19. d5 Ne5 20. Qf4 Nc4 $15) 19... Rd8 20. a3 $2 {
[%mdl 8192] It is difficult to explain move like this in rational terms, white
is saving the unimportant pawn, but dropping his central pride.} (20. d5 Ne5
21. Qe2 Rc8 $11) (20. Bxc6 bxc6 21. Qxc6 Bxa2 (21... Qb6 22. Qxb6 axb6 23. Kf2
$16) 22. Ra1 (22. b4 Qh5 23. Ra1 Bf7 24. Rxa7 Bxd4 25. Bxd4 Rxd4 26. Qc8+ Kg7
27. Ra8 Rd1+ 28. Nxd1 Qxd1+ 29. Kf2 $11) 22... Bd5 23. Qe8+ Rxe8 24. Rxa5 Bf7
25. Rxa7 Rb8 $14) 20... Nxd4 21. Qf2 Nc6 22. Rxd8+ Qxd8 23. Bxc6 (23. Bxa7 $2
Nxa7 24. Qxa7 Bd4+ $19) 23... bxc6 24. Bxa7 Bc4 $1 25. Qe1 (25. Be3 Qd3 $17)
25... Qa5 26. Be3 $6 (26. Bf2 Qf5 27. b4 Qd3 28. Ne4 Bg7 29. Nc5 Qxa3 30. Qxe7
h6 $17) 26... Qf5 27. Qf2 Qd3 28. Qe1 Ba6 29. Kf2 $2 {This impatient move
makes everything only worse, black can put all his far reaching pieces into
action.} (29. Bc5 $5 Qc4 30. Be3 $17) 29... Qc2+ 30. Bd2 (30. Qd2 Qf5+ 31. Bf4
(31. Ke1 Qf1#) 31... e5 $19) 30... Qxb2 31. Qe6+ (31. Qe3 c5 32. Ne2 Qa2 $19)
31... Kg7 32. Ne4 (32. Ke1 Qa1+ 33. Nd1 Bb5 (33... Qxa3 34. Qxc6 Qd3 35. Qg2
Bd4 36. Bc1 e5 37. Bb2 $17) 34. Qe3 Ba4 $19) 32... Bd3 33. Nxf6 (33. Ke3 Qd4+
34. Kf3 Bxe4+ 35. Qxe4 Qxd2 $19) 33... Qxd2+ 34. Kf3 (34. Kg1 Qc1+ 35. Kf2 Qf1+
$19) 34... Qd1+ 35. Kf2 (35. Kf4 Qf1+ 36. Ke5 Qe2+ $19) 35... Qf1+ 0-1

[Event "FIDE-Wch k.o."]
[Site "Las Vegas"]
[Date "1999.07.31"]
[Round "1.1"]
[White "Ehlvest, Jaan"]
[Black "Nijboer, Friso"]
[Result "1-0"]
[WhiteElo "2592"]
[BlackElo "2559"]
[Annotator "Ftacnik,L"]
[PlyCount "81"]
[EventDate "1999.07.31"]
[EventType "k.o."]
[EventRounds "7"]
[EventCountry "USA"]
[SourceTitle "CBM 072"]
[Source "ChessBase"]
[SourceDate "1999.10.01"]
[SourceVersion "1"]
[SourceVersionDate "1999.10.01"]
[SourceQuality "1"]

1. d4 Nf6 2. c4 g6 3. g3 c6 4. Nc3 d5 5. cxd5 cxd5 6. Bg2 Bg7 7. Nf3 O-O 8. Ne5
Nc6 9. O-O e6 10. Nxc6 bxc6 11. Bg5 h6 12. Bf4 Nd7 13. Qd2 Kh7 14. Bd6 Re8 15.
e4 Nb6 16. Bc5 Nd7 17. Ba3 Ba6 18. Rfe1 Rc8 19. Rad1 e5 $2 {[%mdl 64] Black
has done good in the development of his pieces, but must choose the proper
moment for the start of the counterplay meassures. The text moves fails badly
due to simple tactics.} (19... c5 20. dxc5 (20. exd5 cxd4 21. Ne4 Ne5 22. Nd6
Nc4 23. Qd3 Nxd6 24. Qxa6 Nc4 25. dxe6 Rxe6 26. Rxe6 fxe6 27. Qxa7 $14) 20...
d4 21. Na4 Bb5 22. Qb4 Bxa4 (22... Rb8 23. Rxd4 Bxd4 24. Qxd4 e5 25. Qd1 $14)
23. Qxa4 Nxc5 24. Bxc5 (24. Qxa7 Re7) 24... Rxc5 25. Qxa7 Rc7 (25... Ra5 26.
Qxf7 Re7 27. Qf3 Rxa2 28. Qb3 $16) 26. Qa3 Qb8 $14) 20. exd5 exd4 (20... cxd5
21. Nxd5 Bc4 (21... exd4 22. Be7 $18) 22. dxe5 Nxe5 23. b3 Bxd5 24. Qxd5 $16)
21. Rxe8 Qxe8 22. Ne4 $1 (22. dxc6 dxc3 23. cxd7 cxd2 24. dxe8=Q Rxe8 25. Bb4
Rb8 $15) 22... c5 (22... Qe5 23. dxc6 Nb6 (23... Rxc6 24. Ng5+ Qxg5 25. Qxg5
hxg5 26. Bxc6 $18) 24. Nd6 $18) (22... cxd5 23. Nd6 Qe6 24. Nxc8 Bxc8 25. Qa5
$18) 23. Nd6 Qf8 24. Nxc8 Qxc8 (24... Bxc8 25. Qa5 $18) 25. b3 Qc7 26. Rc1 h5
$6 {This enables tactical solution, that cuts down the way to the victory.} (
26... Qd6 27. Qa5 Qb6 (27... Bf8 28. Rd1 Bg7 29. Qd8 $18) 28. Qe1 $16) 27. Bxc5
$1 Nxc5 28. b4 Nb3 (28... Bf8 29. bxc5 Bxc5 30. Qc2 d3 31. Qxc5 Qxc5 32. Rxc5
d2 33. Bf3 $18) 29. Rxc7 (29. axb3 Qb8 $18) 29... Nxd2 30. d6 Bc4 (30... Be5
31. Rxf7+ Kg8 32. d7 $18) 31. d7 Bf6 32. Rc8 Bxa2 (32... d3 33. d8=Q Bxd8 34.
Rxd8 Nb1 35. Be4 $18) 33. d8=Q Bxd8 34. Rxd8 Nb1 (34... Nb3 35. Rd7 $18) 35.
Bd5 Bxd5 36. Rxd5 Nc3 37. Rd7 (37. Rxd4 $4 Ne2+ $19) 37... Kg7 38. Kf1 Nb5 39.
Ke2 Kf6 40. Kd3 g5 41. Rb7 1-0

[Event "Reykjavik Summit"]
[Site "Reykjavik"]
[Date "1990.??.??"]
[Round "?"]
[White "Dzindzichashvili, Roman"]
[Black "Mestel, A Jonathan"]
[Result "1-0"]
[WhiteElo "2545"]
[BlackElo "2525"]
[Annotator "Ftacnik,L"]
[PlyCount "147"]
[EventDate "1990.03.??"]
[EventType "team"]
[EventRounds "6"]
[EventCountry "ISL"]
[SourceTitle "CBM 018"]
[Source "ChessBase"]
[SourceDate "1990.10.01"]
[SourceVersion "1"]
[SourceVersionDate "1990.10.01"]
[SourceQuality "1"]

1. c4 g6 2. Nc3 Nf6 3. g3 c6 4. Nf3 d5 5. cxd5 cxd5 6. Ne5 Bg7 7. d4 O-O 8. Bg2
e6 9. O-O Nfd7 10. f4 f6 11. Nd3 Nc6 12. e3 f5 13. Ne5 Ne7 {N} (13... Ndxe5 14.
dxe5 Rf7 15. Qe2 b6 16. Rd1 Nb4 17. a3 Ba6 18. Nb5 Qe8 19. Bf1 Nc2 20. Ra2 Rc8
{1/4-1/4/Hulak,K-Watson,W/Palma GMA-op/1989/ ->TD89_13}) 14. b3 Nf6 15. Ba3 Bd7
16. Rc1 Re8 17. Rf2 $1 Ne4 18. Rfc2 Nc6 (18... Rc8 19. Nxe4 fxe4 20. Rxc8 Bxc8
21. Qc2 $16) (18... Nxc3 19. Rxc3 Nc6 20. Bf1 a6 21. Bd6) 19. Bf1 a6 (19...
Nxe5 20. dxe5 Qb6 21. Nxe4 $22 Qxe3+ 22. Nf2) 20. Nxe4 fxe4 (20... dxe4 21. Nc4
$16) 21. Bd6 $1 Rc8 (21... Bc8 22. Nxc6 (22. Bc5) 22... Qxd6 23. Ne5 Bd7 24.
Nxd7 (24. Rc7 Bc6) 24... Qxd7 25. Rc7 Qd6 26. Rxb7 $16) 22. h4 $1 Nxe5 23. dxe5
(23. Bxe5 Bf8 (23... Bxe5 $5 24. dxe5 Qb6) 24. h5 Ba3 25. hxg6 hxg6 26. Rh2 $1
Rxc1 27. Qg4 $18) 23... Qb6 24. Bc5 (24. Qd2 Rxc2 25. Rxc2 Rc8 $14) 24... Qa5 (
24... Rxc5 25. Rxc5 Bf8 26. Qd4 (26. R5c3 Bb4) 26... Bxc5 27. Rxc5 $16) 25. h5
Rc6 26. hxg6 hxg6 27. Qd4 Qc7 (27... Rec8 $5 28. Bb4 (28. b4 Qa4 29. b5 (29.
Bc4 Rxc5 30. bxc5 dxc4) 29... axb5 30. Qxa4 bxa4 31. Bb5 R6c7 (31... Rxc5 32.
Rxc5 Rxc5 33. Rxc5 Bf8 34. Bxd7 Bxc5 35. Bxe6+ Kg7 36. Bxd5 Bxe3+ 37. Kg2 b5
$10) 32. Bxd7 Rxd7 33. Bd6 $36) 28... Rxc2 29. Rxc2 (29. Bxa5 Rxc1 $13) 29...
Qd8 $14) 28. Rc3 Rc8 29. Bb4 a5 (29... Rxc3 30. Rxc3 Qd8) 30. Rxc6 Bxc6 31. Ba3
Kf7 32. Kf2 Rh8 33. Bc5 Qb8 34. a3 Rh2+ 35. Bg2 Qh8 36. Kg1 Bb5 (36... Qh5 37.
Qd1 (37. Bb6 Rxg2+ 38. Kxg2 Qf3+)) 37. Qd1 Bc6 38. b4 axb4 39. axb4 Qh5 (39...
Bb5 40. Bd6 Bc6 41. b5 Bxb5 42. Rc7+ $18) 40. Qxh5 Rxh5 41. Ra1 g5 (41... Rh8
42. Bf1 Rc8 43. Bd6 $16) 42. Bf1 gxf4 43. gxf4 Bf8 44. Bxf8 Kxf8 45. Ra8+ Ke7
46. b5 Bd7 47. Rb8 Rh7 48. Rxb7 Rh8 49. Ra7 Rb8 50. Ra5 Kd8 51. Kf2 Kc7 52.
Ra7+ Rb7 53. Ra6 Rb6 54. Ke1 Bc8 (54... Rxa6 55. bxa6 Kb6 56. Kd2 Bc8 57. Kc3
Bxa6 58. Bxa6 Kxa6 59. f5 $1 $18) 55. Ra1 Bd7 56. Ra5 Rb8 57. Ra6 Bc8 (57...
Rb6 58. Kd2) 58. Rc6+ Kb7 59. Bh3 $1 Ra8 60. Bxe6 Ra1+ 61. Kd2 Bxe6 62. Rxe6
Ra2+ 63. Kc3 Ra3+ 64. Kd4 Rd3+ 65. Kc5 d4 66. Re7+ Kc8 67. Rh7 dxe3 (67... Rxe3
68. Kxd4 $18) 68. Rh1 e2 69. Re1 Rf3 (69... Rd2 70. f5) 70. Rxe2 Rxf4 71. Kd5
Kd7 72. Rxe4 Rf1 73. e6+ Ke7 74. b6 {Ftacnik,L} 1-0